A princesa: (Record no. 85)

MARC details
000 -LÍDER
campo de controle de tamanho fixo 02191nam a2200361 4500
001 - NÚMERO DE CONTROLE
campo de controle 85
003 - IDENTIFICADOR DO NÚMERO DE CONTROLE
campo de controle OSt
005 - DATA E HORÁRIO DA ÚLTIMA TRANSAÇÃO
campo de controle 20250528074011.0
008 - CAMPO DE DADOS FIXOS--INFORMAÇÃO GERAL
campo de controle de tamanho fixo 250123b |||||||d |||| 00| 1 eng d
020 ## - ISBN - INTERNATIONAL STANDARD BOOK NUMBER
ISBN - International Standard Book Number 8501063401
040 ## - FONTE DA CATALOGAÇÃO
Idioma da catalogação por
041 ## - CÓDIGO DE IDIOMA
Código do idioma do original e/ou traduções intermediárias do texto eng
Código do idioma do texto/trilha sonora ou título diferente por
082 ## - CDD - CLASSIFICAÇÃO DECIMAL DE DEWEY
Número de Classificação 028.5
Número do exemplar C116p
100 1# - ENTRADA PRINCIPAL--NOME PESSOAL
Nome pessoal Cabot, Meg,
Datas associadas ao nome 1967-
9 (RLIN) 199
240 ## - TÍTULO UNIFORME
Título uniforme Princess in the spotlight
245 ## - TÍTULO
Título A princesa:
Restante do título Sob os refletores /
Indicação de responsabilidade, etc. Cabot, Meg ; Tradução de Ruy Jungmann
250 ## - EDIÇÃO
Declaração de edição 10° edição
260 ## - PUBLICAÇÃO, DISTRIBUIÇÃO, ETC.
Local de publicação, distribuição, etc. Rio de Janeiro
Nome do editor, distribuidor, etc. Record
Data da publicação, distribuição, etc. 2006
300 ## - DESCRIÇÃO FÍSICA
Extensão 256 p.
490 1# - TÍTULO DA SÉRIE
Título da série O diário da Princesa
Número do volume ou designação sequencial da série Livro 02
500 ## - NOTA GERAL
Nota geral A Princesa sob os refletores <br/><br/>Sequência de: O diário da princesa
520 ## - NOTA DE RESUMO, ETC.
Resumo, etc. O novo livro de Meg Cabot conta mais treze dias de histórias do diário de Mia, depois das revelações de O diário da princesa. Depois de tantas reviravoltas, Mia acredita que as coisas estão acalmando-se. Ela continua tendo aulas de bons costumes com a avó aristocrata, ou “sessões de torturas”, como diz, vê a avó vestindo seu bichinho de estimação com casacos de pele de chinchila e usando delineador permanente tatuado nos olhos. Até que, um dia, é informada que será a atração principal de um dos programas de entrevista mais populares dos Estados Unidos. Para completar, sua mãe está grávida de seu professor de álgebra e a própria Mia não consegue mais esconder sua paixão pelo irmão de sua melhor amiga, Michael. Princesa sob os refletores é mais um delicioso diário imaginado por Meg Cabot, que revela os segredos de uma jovem sensível e em crise (como todo adolescente).<br/><br/>Uma heroína encantadora com muitas histórias para contar, Mia Thermopolis já conquistou o coração de todas as adolescentes ao redor do mundo, que já aguardam ansiosas os próximos volumes dos diários desta Cinderela às avessas.
650 #0 - ASSUNTO--TERMO TÓPICO
Cabeçalho tópico ou nome geográfico Literatura Americana
9 (RLIN) 84
650 #0 - ASSUNTO--TERMO TÓPICO
Cabeçalho tópico ou nome geográfico Humor
9 (RLIN) 60
650 #0 - ASSUNTO--TERMO TÓPICO
Cabeçalho tópico ou nome geográfico Amor e Paixão
9 (RLIN) 25
650 #0 - ASSUNTO--TERMO TÓPICO
Cabeçalho tópico ou nome geográfico Infantojuvenil
9 (RLIN) 200
650 #0 - ASSUNTO--TERMO TÓPICO
Cabeçalho tópico ou nome geográfico Filme
9 (RLIN) 26
655 #0 - TERMO DE ÍNDICE--GÊNERO E FORMA
Gênero/forma/ou termo foco Romance
655 #0 - TERMO DE ÍNDICE--GÊNERO E FORMA
Gênero/forma/ou termo foco Ficção
700 ## - ENTRADA ADICIONADA - NOME PESSOAL
Nome pessoal Celina Cavalcante Falck-Cook
Função do autor por extenso Tradutor
9 (RLIN) 183
830 ## - ENTRADA SECUNDÁRIA DE SÉRIE--TÍTULO UNIFORME
Título uniforme O diário da princesa
Número do volume ou designação sequencial da série Livro 02
9 (RLIN) 201
942 ## - ELEMENTOS DE ENTRADA ADICIONADOS (KOHA)
Fonte de classificação ou esquema de arquivamento Classificação decimal de Dewey
Ocultar no OPAC Não
Tipo de material Koha Livros
Holdings
Situação do descarte Situação das perdas Fonte de classificação ou esquema de arquivamento Materiais especificados (volume encadernado ou outra parte) Status danificado Não pode ser emprestado Coleção Biblioteca de origem Biblioteca atual Localização na estante Data de aquisição Fonte de aquisição Total de empréstimos Número de chamada completo Código de barras Data de último acesso Data do preço efetivo Tipo de material Koha
    Classificação decimal de Dewey vol. 02     Ficção Biblioteca Professor Eduardo Afonso de Castro Biblioteca Professor Eduardo Afonso de Castro Infanto Juvenil 17.11.2021 doação   IJ 028.5 / C116p 2025-16653 23.01.2025 23.01.2025 Livros

Powered by Koha